Türkistan'a dair bazı cereyanlar hakkında görüșlerimiz

Elmentve itt :
Bibliográfiai részletek
Szerző: Çağatay Tahir
További közreműködők: Oktay A.
Dokumentumtípus: Cikk
Megjelent: 1952
Kulcsszavak:Turkesztán története
Tárgyszavak:
Online Access:http://misc.bibl.u-szeged.hu/64168
LEADER 00725nab a2200217 i 4500
001 misc64168
005 20230427122356.0
008 230116s1952 hu o 0|| tur d
040 |a SZTE Miscellanea Repozitórium  |b hun 
041 |a tur 
100 1 |a Çağatay Tahir 
245 1 0 |a Türkistan'a dair bazı cereyanlar hakkında görüșlerimiz  |h [elektronikus dokumentum] /  |c  Çağatay Tahir 
260 |c 1952 
300 |a 28 p.  |c 17 cm 
561 |a Németh Gyula hagyaték 
591 |a NOA 4447 
650 4 |a Bölcsészettudományok 
650 4 |a Történettudomány és régészet 
695 |a Turkesztán története 
700 0 1 |a Oktay A. 
856 4 0 |u http://misc.bibl.u-szeged.hu/64168/1/4447_noa.pdf  |z Dokumentum-elérés